00902nam a2200217 i 450000100060000000300090000600500170001500700030003200800410003508000390007608000120011510000280012724502280015526000490038330000210043253000350045360000440048865000400053285200230057285600890059541524ES-MaACL20250831060936.0t|030311s1862 sp ||||1| spa d a34.096 Fontanellas y Sala, Claudio a343.5531 aCaso, José Indalecio.10aExposición de hechos para la defensa de D. Claudio Fontanellas, hijo del primer marqués de Casa-Fontanellas, en causa pendiente contra el mismo por supuesta usurpación de estado civil / cpor D. José Indalecio Caso. aMadrid : bLibrería de A. Durán, c1862. a80 p. ; c23 cm. aDisponible en formato digital.14aFontanellas y Sala, Claudio-xProcesos. 7aUsurpación de estado civil2embne4 aES-MaACLjT-84-F-54 uhttp://bdh-rd.bne.es/viewer.vm?id=0000114502&page=1 zBiblioteca Digital Hispánica